000
00262nam a2200109Ia 4500
008
220204s9999 xx 000 0 und d
082
_a
82-3
_b
MAC
100
_a
MacInnes, Helen
245
0
_a
While still we live
260
_a
Greenwich
_b
Fawcett
_c
1972
942
_c
BK
999
_c
30953
_d
30953